000
00275nam a2200109Ia 4500
008
200302s9999 xx 000 0 und d
100
_a
Leonardo Benevolo
245
_a
History of Modern Architecture Vol 1
260
_b
Routledge & Kegan Paul
260
_c
1960
300
_a
374 P.,
999
_c
375
_d
375